000 01321cam a22003374a 4500
999 _c8822
_d8822
001 12311288
003 GBCCL
005 20241126110659.0
008 010215s2001 enk b 001 0 eng
010 _a 2001024039
020 _a0851115195 (UK)
020 _a0830826114 (US)
040 _aDLC
_cDLC
_dDLC
042 _apcc
050 0 0 _aBV2073
_b.K67 2001
082 0 0 _a266.001
_221
_bKOS
100 1 _aKöstenberger, Andreas J.,
_d1957-
_932
245 1 0 _aSalvation to the ends of the earth :
_ba biblical theology of mission /
_cAndreas J. Köstenberger with T Desmond Alexander
250 _a2nd ed.
260 _aLeicester, England :
_bApollos ;
_aDowners Grove, Ill. :
_bInterVarsity Press,
_c2020.
300 _a377 p. ;
_c22 cm.
490 1 _aNew studies in biblical theology ;
_v53
504 _aIncludes bibliographical references (p. 275-310) and indexes.
650 0 _aMissions
_xBiblical teaching.
_9481
700 1 _aAlexander, T Desmond
_94256
700 1 _aCarson, D.A.
_920
830 0 _aNew studies in biblical theology (InterVarsity Press) ;
_v11.
_915517
906 _a7
_bcbc
_corignew
_d1
_eocip
_f20
_gy-gencatlg
942 _2ddc
_cBK
_01